[Event "HUN-chT2 Barcza 1819"]
[Site "Hungary"]
[Date "2019.02.10"]
[Round "7.10"]
[White "Mozsik, Tamas"]
[Black "Venter, Mate"]
[Result "1/2-1/2"]
[WhiteElo "1846"]
[BlackElo "1692"]
[PlyCount "88"]
[EventDate "2018.09.23"]
[EventType "team-tourn"]
[EventRounds "11"]
[EventCountry "HUN"]
[SourceTitle "CBM 189 Extra"]
[Source "ChessBase"]
[SourceDate "2019.06.03"]
[SourceVersion "1"]
[SourceVersionDate "2019.06.03"]
[SourceQuality "1"]
[WhiteTeam "Hajduboszormeny"]
[BlackTeam "Nyiregyhaza"]
[WhiteTeamCountry "HUN"]
[BlackTeamCountry "HUN"]

1. e4 Nf6 2. e5 Nd5 3. c4 Nb6 4. d4 d6 5. exd6 exd6 6. Nc3 Nc6 7. Be3 Bf5 8. Bd3 Bg6 9. Bxg6 hxg6 10. b3 Be7 11. Nf3 d5 12. c5 Nc8 13. b4 Bf6 14. Qa4 0-0 15. 0-0 N8e7 16. b5 Nb8 17. Qb3 c6 18. a4 a6 19. Rab1 axb5 20. axb5 Nf5 21. Rfd1 Nxe3 22. fxe3 Re8 23. Kf2 Qc8 24. bxc6 bxc6 25. Qb7 Nd7 26. Qxc8 Raxc8 27. Rb3 Rb8 28. Rdb1 Ra8 29. R1b2 Re6 30. Ra2 Rae8 31. Nd1 Nf8 32. Ra7 Nh7 33. Rbb7 Rf8 34. h4 g5 35. hxg5 Nxg5 36. Nxg5 Bxg5 37. Ra6 Rf6+ 38. Ke2 Re8 39. Kd2 Ree6 40. Rbb6 Kh7 41. Ra2 Rf1 42. Raa6 Rff6 43. Ra2 Rg6 44. Kd3 Bh6 1/2-1/2

[Event "HUN-chT2 Barcza 1819"]
[Site "Hungary"]
[Date "2018.12.02"]
[Round "5.11"]
[White "Szucs, Andras Laszlo"]
[Black "Mozsik, Tamas"]
[Result "0-1"]
[WhiteElo "1538"]
[BlackElo "1846"]
[PlyCount "128"]
[EventDate "2018.09.23"]
[EventType "team-tourn"]
[EventRounds "11"]
[EventCountry "HUN"]
[SourceTitle "CBM 189 Extra"]
[Source "ChessBase"]
[SourceDate "2019.06.03"]
[SourceVersion "1"]
[SourceVersionDate "2019.06.03"]
[SourceQuality "1"]
[WhiteTeam "Hajduszoboszlo"]
[BlackTeam "Nyiregyhaza"]
[WhiteTeamCountry "HUN"]
[BlackTeamCountry "HUN"]

1. e4 c5 2. Nf3 Nc6 3. Nc3 g6 4. d4 cxd4 5. Nxd4 Bg7 6. Be3 d6 7. g3 Nf6 8. h3 Bd7 9. Bg2 Qc8 10. Qd2 h5 11. Rd1 Ne5 12. b3 0-0 13. Nce2 a5 14. Nf4 Nc6 15. Nfe2 a4 16. Rc1 Rd8 17. 0-0 Bxh3 18. Nxc6 bxc6 19. f3 Bxg2 20. Kxg2 Qb7 21. Rb1 a3 22. Rbd1 d5 23. e5 Ne8 24. Bd4 Nc7 25. f4 Ne6 26. f5 Nxd4 27. Qxd4 c5 28. Qf4 d4+ 29. Kh2 Qa6 30. Nc1 gxf5 31. Qxf5 Qg6 32. Nd3 Rac8 33. Qxg6 fxg6 34. Nf4 Rc6 35. Rfe1 Kh7 36. c4 Rf8 37. Kg2 e6 38. Nd3 Rf5 39. Rd2 g5 40. Rf2 Kg6 41. Ref1 Bf8 42. Kh3 Rc7 43. Rxf5 exf5 44. Rf2 Rc6 45. Rf1 Re6 46. Re1 Be7 47. Rf1 g4+ 48. Kg2 Kg5 49. Rh1 Rh6 50. Nf4 h4 51. Nd3 hxg3 52. Rxh6 Kxh6 53. Kxg3 Kg5 54. Nf4 Kh6 55. Nd3 Kg6 56. Kf4 Kf7 57. Kg3 Ke6 58. Kf4 Bg5+ 59. Kg3 Be3 60. Kh4 Bd2 61. Kg3 Bg5 62. Nxc5+ Kxe5 63. Nd3+ Ke4 64. Nf2+ Ke3 0-1

[Event "HUN-chT2 Barcza 1112 "]
[Site "Hungary"]
[Date "2012.05.06"]
[Round "10"]
[White "Fabian, Lajos2222"]
[Black "Mozsik, Tamas"]
[Result "0-1"]
[WhiteElo "2202"]
[BlackElo "1909"]
[PlyCount "98"]
[EventDate "2011.09.25"]
[EventType "team-tourn"]
[EventRounds "11"]
[EventCountry "HUN"]
[SourceTitle "EXT 2013"]
[Source "ChessBase"]
[SourceDate "2012.11.22"]
[SourceVersion "1"]
[SourceVersionDate "2012.11.22"]
[SourceQuality "1"]
[WhiteTeam "Sajoszentpeter"]
[BlackTeam "Balkany"]
[WhiteTeamCountry "HUN"]
[BlackTeamCountry "HUN"]

1. e4 c5 2. Nf3 Nc6 3. d4 cxd4 4. Nxd4 g6 5. Nxc6 dxc6 6. Qxd8+ Kxd8 7. Bc4 f5 8. Bxg8 Rxg8 9. f3 e5 10. Bg5+ Be7 11. h4 Be6 12. Nc3 Bxg5 13. hxg5 Rg7 14. 0-0-0+ Kc7 15. b3 b5 16. Rhe1 f4 17. Rh1 Rd8 18. Rd3 Rxd3 19. cxd3 Kb6 20. Kc2 Rd7 21. Rc1 a5 22. Ne2 c5 23. Kc3 a4 24. bxa4 b4+ 25. Kc2 Bxa2 26. Ra1 Be6 27. Nc1 Ra7 28. Nb3 Bd7 29. a5+ Kb5 30. a6 Be6 31. Nxc5 Kxc5 32. Ra5+ Kd6 33. Kb2 Bc8 34. Kb3 Rxa6 35. Rd5+ Ke6 36. Rd8 Bd7 37. Rh8 Ra3+ 38. Kxb4 Rxd3 39. Rxh7 Rd2 40. Rh6 Be8 41. Rh2 Bf7 42. Kc5 Rc2+ 43. Kb6 Ke7 44. Kb5 Kf8 45. Kb4 Kg7 46. Kb5 Bc4+ 47. Kb4 Bf1 48. Rh1 Bxg2 49. Rh2 Re2 0-1

[Event "HUN-chT2 Barcza 1112 "]
[Site "Hungary"]
[Date "2012.04.22"]
[Round "9"]
[White "Mozsik, Tamas"]
[Black "Szabo, Istvan"]
[Result "1-0"]
[WhiteElo "1909"]
[BlackElo "1979"]
[PlyCount "85"]
[EventDate "2011.09.25"]
[EventType "team-tourn"]
[EventRounds "11"]
[EventCountry "HUN"]
[SourceTitle "EXT 2013"]
[Source "ChessBase"]
[SourceDate "2012.11.22"]
[SourceVersion "1"]
[SourceVersionDate "2012.11.22"]
[SourceQuality "1"]
[WhiteTeam "Balkany"]
[BlackTeam "Debrecen Betu"]
[WhiteTeamCountry "HUN"]
[BlackTeamCountry "HUN"]

1. e4 c5 2. Nf3 d6 3. d4 cxd4 4. Nxd4 Nf6 5. Nc3 a6 6. Be2 e5 7. Nf3 Be7 8. Bg5 0-0 9. Bxf6 Bxf6 10. Nd5 g6 11. Qd2 Bg7 12. 0-0-0 Re8 13. h4 h5 14. Qg5 Be6 15. Bc4 b5 16. Bb3 Ra7 17. Rd3 Nc6 18. Rhd1 Qxg5+ 19. Nxg5 Bxd5 20. Rxd5 Bf8 21. Rxd6 Bxd6 22. Rxd6 Nd4 23. Rxg6+ Kf8 24. Rh6 Nxb3+ 25. axb3 Kg7 26. Rxh5 Kg6 27. g4 f6 28. Nf3 Rd8 29. Rf5 Rad7 30. c3 Rd1+ 31. Kc2 Rf1 32. g5 Rxf2+ 33. Kb1 Rd1+ 34. Ka2 b4 35. Nxe5+ fxe5 36. Rxf2 bxc3 37. bxc3 Re1 38. Rf6+ Kg7 39. Rxa6 Rxe4 40. h5 Re1 41. Kb2 e4 42. Kc2 e3 43. Kd3 1-0